000 00419nam a2200157Ia 4500
003 OSt
005 20241018113546.0
020 _a9966-08-105-4
040 _cLC
050 _aB 21 .M35 2005
_b1
100 _aMAKUMBA,MAURICE MUHATIA
245 0 _aINTRODUCTION TO PHILOSOPHY
500 _aINCLUDES BIBLIOGRAPHICAL REFERENCES AND INDEX
650 _aPhilosophie, Philosophie Introductions, Philosophy
942 _cBK
_2lcc
999 _c63482
_d63482